GCSE mathematics Essential Exam practice/ (Record no. 8582)

MARC details
000 -LEADER
fixed length control field 00495nam a22001817a 4500
003 - CONTROL NUMBER IDENTIFIER
control field OSt
005 - DATE AND TIME OF LATEST TRANSACTION
control field 20240618091225.0
008 - FIXED-LENGTH DATA ELEMENTS--GENERAL INFORMATION
fixed length control field 240618b |||||||| |||| 00| 0 eng d
020 ## - INTERNATIONAL STANDARD BOOK NUMBER
International Standard Book Number 1841463116
040 ## - CATALOGING SOURCE
Transcribing agency must
082 ## - DEWEY DECIMAL CLASSIFICATION NUMBER
Classification number 510 GCS 2003
100 ## - MAIN ENTRY--PERSONAL NAME
Personal name Cath, Brown
9 (RLIN) 17401
245 ## - TITLE STATEMENT
Title GCSE mathematics Essential Exam practice/
Statement of responsibility, etc. Brown Cath
260 ## - PUBLICATION, DISTRIBUTION, ETC. (IMPRINT)
Place of publication, distribution, etc. New castle:
Name of publisher, distributor, etc. cordination group publications ltd;
Date of publication, distribution, etc. 2003
300 ## - PHYSICAL DESCRIPTION
Extent 93p.:
Other physical details ill;
Dimensions 30cm
600 ## - SUBJECT ADDED ENTRY--PERSONAL NAME
Source of heading or term Mathematics
942 ## - ADDED ENTRY ELEMENTS (KOHA)
Source of classification or shelving scheme Dewey Decimal Classification
Koha item type Open Shelf
Holdings
Withdrawn status Lost status Source of classification or shelving scheme Damaged status Not for loan Home library Current library Date acquired Source of acquisition Inventory number Total Checkouts Full call number Barcode Date last seen Price effective from Koha item type
    Dewey Decimal Classification     MUST Main Library MUST Main Library 18/06/2024 purchase 09/31185   510 GCS 2003 2024-20712 18/06/2024 18/06/2024 Open Shelf
    Dewey Decimal Classification     MUST Main Library MUST Main Library 25/06/2024 purchase 09/31485   510 GCS 2003 2024-21161 25/06/2024 25/06/2024 Open Shelf